• 首页
  • 本馆介绍
  • 公告通知
  • 最新文献
  • 馆藏检索
  • 电子资源
  • 读者导购
  • 参考咨询
  • 我的图书馆
  • 登录
  • 详细信息显示
  • 放入我的书架
  • 预约/预借图书
  • 作者相关作品
  • 分类相关作品
  • 丛书相关作品
  • 出版社相关作品

书目信息

  • 表格格式
  • 工作单格式
  • 卡片格式
题名:
现代乡规民约与农村基层社会治理创新
    
 
作者: 卞辉 著
分册:  
出版信息: 北京   中国民主法制出版社  2022.02
页数: 293页
开本: 24cm
丛书名:
单 册:
中图分类: D638
科图分类:
主题词: 农村--nong cun--社会管理--乡规民约--研究--中国
电子资源:
ISBN: 978-7-5162-1511-1
000 01091nam0 2200253 450
001 CAL 004287688
005 20230217093113.0
010    @a978-7-5162-1511-1@dCNY78.00
100    @a20220622d2022 em y0chiy0120 ea
101 0  @achi
102    @aCN@b110000
105    @aa z 000yy
106    @ar
200 1  @a现代乡规民约与农村基层社会治理创新@Axian dai xiang gui min yue yu nong cun ji ceng she hui zhi li chuang xin@f卞辉著
210    @a北京@c中国民主法制出版社@d2022.02
215    @a293页@c图@d24cm
300    @a国家社会科学基金资助 西北大学学术著作出版基金资助
314    @a卞辉, 西北大学法学院副教授, 硕士研究生导师。
330    @a本书聚焦现代乡规民约的建设与发展, 打破学科藩篱, 立足乡村治理, 梳理乡规民约产生、发展的历史脉络, 挖掘其文化内涵, 分析现代社会乡规民约的复萌新兴, 通过大量现实素材剖析现代乡规民约的存在现状和在社会治理中的运行机制, 探究其理论基础、生成机理、运作方式以及社会价值。
606 0  @a农村@Anong cun@x社会管理@x乡规民约@x研究@y中国
690    @aD638@v5
701  0 @a卞辉@Abian hui@4著
801  0 @aCN@bBJXHZP@c20230228
905    @b1404784-7@dD638@e455@f4
    
    现代乡规民约与农村基层社会治理创新/卞辉著.-北京:中国民主法制出版社,2022.02
    293页:图;24cm
    国家社会科学基金资助 西北大学学术著作出版基金资助
    
    ISBN 978-7-5162-1511-1:CNY78.00
    本书聚焦现代乡规民约的建设与发展, 打破学科藩篱, 立足乡村治理, 梳理乡规民约产生、发展的历史脉络, 挖掘其文化内涵, 分析现代社会乡规民约的复萌新兴, 通过大量现实素材剖析现代乡规民约的存在现状和在社会治理中的运行机制, 探究其理论基础、生成机理、运作方式以及社会价值。
●
相关链接 在E读中查询图书 在五车中查询图书 在当当中查询图书 在豆瓣中查询图书


正题名:现代乡规民约与农村基层社会治理创新     索取号:D638/455         预约/预借

序号 登录号 条形码 馆藏地/架位号 状态 备注
1 1404784   214047841   第一样本阅览室/ [索取号:D638/455] 在馆    
2 1404785   214047850   第一借阅区/ [索取号:D638/455] 在馆    
3 1404786   214047869   第一借阅区/ [索取号:D638/455] 在馆    
4 1404787   214047878   第一借阅区/ [索取号:D638/455] 在馆    
唐山师范学院图书馆 欢迎您!
大连网信软件有限公司© 版权所有